00647nam a22002057a 4500003000500000005001700005008004100022010001000063011001000073035001000083040000900093100003200102245006500134260004000199300002900239502008800268650002000356650002800376700003700404CHAP20220329140614.0971013s1995 r 00010 d a54662 a55634 a59786 cCHAP00aMaldonado Pérez, Hilario. aDiseño de un dinamómetro para el enganche de tres puntos aChapingo, Méx. :bEl autor,c1995 a123 h.b: ilus. ; anexos aTesis (Ing. Mecánico Agrícola) -- UACH. Departamento de Ingeniería Mecánica14aDinamómetros.14aInstrumentos de medida.0 aPallares Hernández, Guadalupe.